000 00596nam a2200205Ia 4500
003 GCL
005 20240530103214.0
008 140319s9999 xx 000 0 ara d
040 _aGCL /
_cGCL
082 0 4 _a810.99565
_bن ا
100 1 _aنبيل سليمان
245 1 0 _aالادب والاديولوجيا فى سورية 1967 - 1973 /
_cنبيل سليمان
300 _a399 ص
650 0 4 _aالادب العربى
650 0 4 _aسوريا
650 0 4 _aالثقافة العربية
650 0 4 _aتاريخ ونقد
700 1 _aبو على ياسين
942 _2ddc
_cBK
999 _c37554
_d37554